Export now : five keys to entering new markets.
| Main Author: | |
|---|---|
| Other Authors: | |
| Format: | Book |
| Published: |
Singapore:
John Wiley & Sons (Asia),
2011.
|
| Subjects: |
| LEADER | 00511cam a2200181 7i4500 | ||
|---|---|---|---|
| 001 | 0000028399 | ||
| 005 | 20130702090000.0 | ||
| 020 | 0 | 0 | |a 9780470828168 |
| 090 | 0 | 0 | |a B 658.84 |b LAV |
| 100 | 1 | 0 | |a Lavin |
| 245 | 1 | 0 | |a Export now : |b five keys to entering new markets. |
| 260 | 0 | 0 | |a Singapore: |b John Wiley & Sons (Asia), |c 2011. |
| 300 | # | # | |a 227 p. |
| 650 | 0 | 0 | |a Exports |
| 650 | 0 | 0 | |a Export marketing |
| 650 | 0 | 0 | |a Business enterpises |
| 700 | 1 | 0 | |a Cohan, |h Peter |
| 999 | |a B000031923 |b Book |c Book |e Business Information Centre | ||


